Destinos del Aeropuerto de Palma de Mallorca (PMI) - Estadísticas

Estadísticas generales
  • Esta prueba ha sido intentada 94 veces
  • La puntuación promedio es 73 de 193
Estadísticas de respuestas
país Compañías aéreas destino % Correcto
Alemania Alba Star,EasyJet, Eurowings, Ryanair, SundAir Berlin / BER
96%
España Air Europa,Ryanair, Vueling Barcelona / BCN
93%
España Air Europa,Iberia, Ryanair Madrid / MAD
91%
Francia Air France,EasyJet Paris / CDG
90%
Francia Air Europa,Transavia, Vueling Paris (Orly) / ORY
90%
Francia Ryanair Paris (Beauvais) / BVA
88%
España Air Europa,Air Nostrum, Ryanair, Vueling Valencia / VLC
88%
España Air Europa,Volotea, Vueling Bilbao / BIO
85%
Reino Unido British Airways Londres (Heathrow) / LHR
82%
Italia ITA Airways Milan (Linate) / LIN
82%
Noruega Norwegian,SAS, Sunclass Airlines Oslo / OSL
82%
España Air Europa,Ryanair, Vueling Sevilla / SVQ
82%
Holanda Cordendon,EasyJet, KLM, Transavia, Tui, Vueling Amsterdam / AMS
81%
Reino Unido BA Cityflyer Londres (City) / LCY
81%
Reino Unido EasyJet,Ryanair, Tui, Wizz Air Londres (Luton) / LTN
81%
Reino Unido Jet2,Ryanair, Tui Londres (Stansted) / STN
81%
Italia ITA Airways,Neos, Ryanair, Vueling, Wizz Air Roma / FCO
81%
Reino Unido EasyJet Southend / SEN
81%
España Air Europa,Ryanair, Vueling Alicante / ALC
79%
Irlanda Aer Lingus,Ryanair, Tui Dublin / DUB
78%
España Air Nostrum,Swiftair Ibiza / IBZ
75%
Italia Air Nostrum,Alba Star, Ryanair Milan (Bergamo) / BGY
75%
Grecia Aegean Airlines,EasyJet Atenas / ATH
73%
Portugal EasyJet,TAP Portugal, Vueling Lisboa / LIS
73%
España Air Europa,Ryanair, Vueling Malaga / AGP
73%
Alemania Condor,Corendon, Eurowings, Ryanair Nuremberg /NUE
73%
Belgica Alba Star,Brussels Airlines, Ryanair, Tui Bruselas / BRU
72%
Finlandia Finnair,Norwegian, Sunclass Airlines Helsinki / HEL
72%
España Air Nostrum,Swiftair Menorca / MAH
72%
Italia EasyJet,Neos, Ryanair Milan (Malpensa) / MXP
72%
Alemania Condor,Eurowings, Discover Airlines, Marabu Airlines, Lufthansa, Vueling Munich / MUC
72%
España Binter Canarias,Ryanair Tenerife (Norte) / TFN
72%
Polonia Enter Air,LOT, Ryanair, Wizz Air Varsovia / WAW
70%
Suecia Eurowings,JetTime, Norwegian, Ryanair, SAS, Sunclass Airlines, Tui Estocolmo (Arlanda) / ARN
69%
España Air Europa,Vueling Granada / GRX
69%
Francia EasyJet,Transavia, Volotea Lyon / LYS
69%
Republica Checa Buzz,EasyJet, Eurowings, Ryanair, Smartwings Praga / PRG
69%
Dinamarca Braathens,JetTime, Norwegian, Ryanair, SAS, Sunclass Airlines Copenhague / CPH
67%
Suecia Norwegian Estocolmo (Skavsta) / NYO
67%
España Binter Canarias,Ryanair Gran Canaria / LPA
67%
Luxemburgo Lux Air,Ryanair Luxemburgo / LUX
67%
Reino Unido EasyJet,Jet2, Ryanair, Tui Manchester / MAN
67%
Italia EasyJet,Ryanair Napoles / NAP
67%
Austria Austrian Airlines,Ryanair Viena / VIE
67%
España Air Nostrum Vigo / VGO
67%
Alemania Alba Star,Condor, Eurowings, Ryanair Hamburgo / HAM
66%
Polonia Ryanair Varsovia (Modlin) / WMI
66%
Hungria Ryanair,Smartwings, Wizz Air Budapest / BUD
64%
Francia Ryanair,Volotea Marsella / MRS
64%
Bulgaria Bulgaria Air,Ryanair Sofia / SOF
64%
Croacia Ryanair Zagreb / ZAG
64%
España Ryanair,Vueling Zaragoza / ZAZ
64%
España Air Nostrum Almeria / LEI
63%
Suiza Chair Airlines,Condor, Edelweiss Air, Eurowings, Swiss, Vueling Zurich / ZRH
63%
Argelia Air Algerie Argel / ALG
61%
Suiza Air Nostrum,Helvetic Airways Berna / BRN
61%
Alemania Condor,Discover Airlines, Lufthansa, Tui Frankfurt / FRA
61%
Portugal Air Horizont,Air Nostrum, EasyJet, Enter Air, Ryanair Oporto / OPO
61%
España Vueling Santander / SDR
61%
Holanda Transavia Rotterdam / RTM
60%
España Air Nostrum,Ryanair Valladolid / VLL
60%
Alemania Condor,Eurowings, Ryanair Colonia/Bonn / CGN
58%
Polonia Buzz,Ryanair Cracovia / KRK
58%
Rumania Aerowings,HiSky, Ryanair, Wizz Air Bucarest / OTP
55%
Letonia Air Baltic Riga / RIX
54%
Reino Unido EasyJet,Jet2, Ryanair Liverpool / LPL
51%
España Volotea,Vueling Asturias / OVD
49%
Serbia Air Serbia Belgrado / BEG
48%
Alemania Eurowings,Ryanair, SundAir Bremen / BRE
48%
Alemania Condor,Corendon, Eurowings, Tui Dusseldorf / DUS
48%
Reino Unido BA Cityflyer,EasyJet, Jet2, Ryanair, Tui Edimburgo / EDI
48%
Suecia Sunclass Airlines Malmo / MMX
48%
Marruecos Ryanair Marrakech / RAK
46%
España Volotea San Sebastian / EAS
46%
Eslovaquia Air Horizont,Ryanair, Smartwings Bratislava / BTS
45%
Reino Unido EasyJet,Jet2, Tui Glasgow / GLA
45%
España Air Nostrum Leon / LEN
45%
Francia EasyJet,Transavia, Volotea, Vueling Nantes / NTE
45%
Reino Unido Alba Star,EasyJet,
Jet2, Ryanair, Tui
Birmingham / BHX
42%
Suiza EasyJet,Swiss Ginebra / GVA
42%
Francia EasyJet,Volotea Lille / LIL
42%
España Ryanair,Vueling Santiago de Compostela / SCQ
42%
Reino Unido Tui Cardiff / CWL
40%
Irlanda Aer Lingus,Ryanair, Tui Cork / ORK
40%
Alemania Condor,Eurowings, Tui Stuttgart / STR
40%
España Air Nostrum Badajoz / BJZ
39%
España Air Nostrum Cordoba / ODB
39%
España Air Nostrum Melilla / MLN
39%
Francia Air Nostrum,EasyJet Niza / NCE
39%
Reino Unido EasyJet,Jet2,
Ryanair, Tui
Belfast / BFS
37%
Reino Unido BA Cityflyer,EasyJet Belfast (City) / BHD
37%
Noruega Norwegian,Sunclass Airlines Bergen / BGO
37%
Marruecos Air Arabia Maroc Tanger / TNG
37%
Alemania Condor,Eurowings, Ryanair Dortmund / DTM
36%
Polonia Buzz,Enter Air Gdansk / GDN
36%
Reino Unido EasyJet,Jet2, Ryanair, Tui Newcastle / NCL
36%
Holanda Ryanair,Transavia Eindhoven / EIN
34%
Estados Unidos United Nueva York (Newark) / EWR
33%
España Volotea Salamanca / SLM
33%
Francia EasyJet,Ryanair, Volotea Toulouse / TLS
33%
Lituania Air Baltic Vilnius / VNO
33%
Marruecos Ryanair Fez / FEZ
31%
España Air Nostrum Reus / REU
31%
Belgica Tui Amberes-Deurne / ANR
30%
Reino Unido EasyJet,Jet2, Ryanair, Tui Bristol / BRS
30%
Belgica Ryanair Charleroi / CRL
30%
Reino Unido BA Cityflyer Jersey / JER
30%
Austria Eurowings Salzburgo / SZG
30%
España Ryanair Vitoria / VIT
30%
Italia Air Nostrum,Neos, Ryanair Bolonia / BLQ
28%
Francia EasyJet,Ryanair, Volotea Burdeos / BOD
28%
Alemania Eurowings,Ryanair, SundAir Dresden / DRS
28%
Francia Volotea Estrasburgo / SXB
28%
Suecia Norwegian,Ryanair, SAS, Sunclass Airlines, Tui Gotemburgo / GOT
28%
Austria Eurowings Graz / GRZ
28%
Italia Ryanair Cagliari / CAG
27%
Alemania Alba Star,Condor, Eurowings, SundAir Hannover / HAJ
27%
Alemania Alba Star,Condor, Eurowings Leipzig / LEJ
25%
Dinamarca Copenhagen Airtaxi,Norwegian, Ryanair Aarhus / AAR
24%
Suiza Condor,Easyjet, Eurowings Basel-Mulhouse / EAP
24%
Italia Ryanair Pisa / PSA
24%
Rumania HiSky,Wizz Air Cluj Napoca / CLJ
21%
Austria Eurowings Innsbruck / INN
21%
Reino Unido Jet2,Ryanair, Tui Leeds-Bradford / LBA
21%
Lituania Ryanair Kaunas / KUN
19%
Reino Unido BA Cityflyer,EasyJet Southampton / SOU
19%
Francia EasyJet Montpellier / MPL
16%
Polonia Buzz,Enter Air, LOT, Ryanair Poznan / POZ
16%
Islandia Fly Egypt Reykjavik / KEF
16%
Republica Checa Smartwings Brno / BRQ
15%
Austria Eurowings Linz / LNZ
15%
Italia Neos,Ryanair Verona / VRN
15%
Alemania Ryanair Frankfurt (Hahn) / HHN
13%
Belgica Tui Ostend-Bruges / OST
13%
Rumania Aerowings Timisoara / TSR
13%
Polonia Buzz,Enter Air, Ryanair Wroclaw / WRO
13%
Reino Unido Alba Star,Jet2, Ryanair, Tui East Midlands / EMA
12%
Polonia Buzz,Enter Air, Travel-Service-Polska, Wizz Air Katowice / KTW
12%
Belgica Tui Lieja / LGG
12%
Noruega Norwegian,Sunclass Airlines Trondheim / TRD
12%
Alemania Condor,Eurowings, Ryanair, Smart Lynx Muenster-Osnabrueck / FMO
10%
Dinamarca Sunclass Airlines Odense / ODE
10%
Dinamarca JetTime,Norwegian, Sunclass Airlines Aalborg / AAL
9%
Reino Unido Ryanair,Tui Bournemouth / BOH
9%
Francia Volotea Brest / BES
9%
España Ryanair,Vueling Jerez de la Frontera / XRY
9%
Alemania Condor,Enter Air, Eurowings, Ryanair Karlsruhe/Baden-Baden / FKB
9%
Alemania Condor Rostock-Laage / RLG
9%
Finlandia Air Baltic Tampere / TMP
9%
Italia Ryanair Venecia (Treviso) / TSF
9%
Reino Unido Alba Star,Tui Aberdeen / ABZ
7%
Eslovaquia Smartwings Kosice / KSC
7%
Reino Unido BA Euroflyer,EasyJet, Tui Londres (Gatwick) / LGW
7%
Alemania Eurowings,Ryanair Memmingen / FMM
7%
Marruecos Air Arabia Maroc Nador / NDR
7%
Dinamarca Copenhagen Airtaxi,JetTime, Norwegian, Ryanair, Sunclass Airlines Billund / BLL
6%
Alemania Eurowings Erfurt / ERF
6%
Reino Unido Ryanair,Tui Exeter / EXT
6%
Holanda Tui Groninga / GRQ
6%
Austria Ryanair Klagenfurt / KLU
6%
Suecia Braathens Lulea-Kallax / LLA
6%
Reino Unido Alba Star,Tui Norwich / NWI
6%
Republica Checa Smartwings Ostrava / OSR
6%
Alemania Eurowings,SmartLynx Saarbrucken / SCN
6%
Irlanda Ryanair Shannon / SNN
6%
Suiza Helvetic Airways Sion / SIR
6%
Noruega Norwegian Harstad-Narvik (Evenes) / EVE
4%
Alemania Alba Star,SundAir Kassel-Calden / KSF
4%
Noruega Braathens Kristiansand / KRS
4%
Alemania Ryanair Niederrhein (Weeze) / NRN
4%
Alemania Air Nostrum,Eurowings, Freebird, Ryanair Paderborn-Lippstadt / PAD
4%
Noruega Braathens,Norwegian, Sunclass Airlines Stavanger / SVG
4%
Noruega Braathens Aalesund / AES
3%
Suiza Altenrhein Luftfahrt Altenrhein / ACH
3%
Alemania Sundair Luebeck / LBC
3%
Suecia JetTime,Sunclass Airlines Orebro / ORB
3%
Polonia Buzz Rzeszow-Jasionka / RZE
3%
Noruega Norwegian,Ryanair Sandefjord-Torp / TRF
3%
Dinamarca Air Atlantic Vagar / FAE
3%
Polonia Buzz Bydgoszcz / BZG
1%
Alemania Alba Star,Condor Friedrichshafen / FDH
1%
Reino Unido Ryanair Glasgow (Prestwick) / PIK
1%
Reino Unido Aurigny Air,BA Cityflyer Guernsey / GCI
1%
Reino Unido Tui Humberside / HUY
1%
Reino Unido BA Cityflyer Isla de Man / IOM
1%
Irlanda Ryanair Knock / NOC
1%
España Air Nostrum Lleida-Alguaire / ILD
1%
Republica Checa Smartwings Pardubice / PED
1%
Suecia JetTime,Norwegian Vaxjo / VXO
1%
Francia Volotea Deauville / DOL
0%
Reino Unido Ryanair,Tui Durham Tees Valley / MME
0%
Noruega Braathens Haugesund / HAU
0%
Suecia Sunclass Airlines Jonkoping / JKG
0%
No se encontraron pruebas coincidentes
Distribución de puntuación
Porcentaje de gente con cada puntuación
Porcentaje por número respondido
Historial de tus puntuaciones
No has intentado esta prueba.